The theory of auger transitions
Gespeichert in:
| 1. Verfasser: | |
|---|---|
| Format: | Buch |
| Sprache: | Englisch |
| Veröffentlicht: |
London :
Academic Press,
1976
|
| Tags: |
Keine Tags, Fügen Sie das erste Tag hinzu!
|
MARC
| LEADER | 00000nam a22000003a 4500 | ||
|---|---|---|---|
| 001 | stu219389 | ||
| 005 | 20150617230118.1 | ||
| 008 | 101214s1976----uk------------------eng-d | ||
| 040 | |a STU |b slo | ||
| 041 | 0 | |a eng | |
| 044 | |a uk | ||
| 080 | |a 539.184.56 | ||
| 100 | 1 | |a Chattarji, Dipankar |4 aut | |
| 245 | 1 | |a The theory of auger transitions | |
| 260 | |a London : |b Academic Press, |c 1976 | ||
| 300 | |a 11, 265 s | ||
| 996 | |b E40979 |c E*40979 |l EE10 |s P |a 0 |w stu219389_0001 | ||